Central Library OPAC University of Rajshahi

How to catalog a rare book / (Record no. 12103)

MARC details
000 -LEADER
fixed length control field 00647cam a22002171 4500
001 - CONTROL NUMBER
control field 12103
003 - CONTROL NUMBER IDENTIFIER
rucl marc code BD-RjUL
005 - DATE AND TIME OF LATEST TRANSACTION
control field 20211208235233.0
008 - FIXED-LENGTH DATA ELEMENTS--GENERAL INFORMATION
fixed length control field 180726s1951 ilua b 000 0 eng
035 ## - SYSTEM CONTROL NUMBER
System control number (BD-RjUL)12152
040 ## - CATALOGING SOURCE
Original cataloging agency DLC
Transcribing agency OAkU
Modifying agency OCoLC
-- BD-RjUL
Language of cataloging eng
041 ## - LANGUAGE CODE
Language code of text/sound track or separate title eng
082 ## - DEWEY DECIMAL CLASSIFICATION NUMBER
Classification number 025.3416
Edition number 23
Author mark and year DUH 1951
100 1# - MAIN ENTRY--PERSONAL NAME
Personal name Dunkin, Paul Shaner
Dates associated with a name 1905-
9 (RLIN) 2082
245 10 - TITLE STATEMENT
Title How to catalog a rare book /
Statement of responsibility, etc. Paul Shaner Dunkin
260 ## - PUBLICATION, DISTRIBUTION, ETC. (IMPRINT)
Place of publication, distribution, etc. Chicago,
Name of publisher, distributor, etc. American Library Association,
Date of publication, distribution, etc. 1951.
300 ## - PHYSICAL DESCRIPTION
Pagination vii, 85 p. :
Illustrations ill. ;
Size 22 cm.
504 ## - BIBLIOGRAPHY, ETC. NOTE
Bibliography, etc Bibliography: p. 4-5.
650 #0 - SUBJECT ADDED ENTRY--TOPICAL TERM
Topical term or geographic name as entry element Cataloging of rare books.
9 (RLIN) 221936
942 ## - ADDED ENTRY ELEMENTS (KOHA)
Source of classification or shelving scheme Dewey Decimal Classification
Koha item type Rare Books
Holdings
Lost status Source of classification or shelving scheme Damaged status Not for loan Collection code Permanent Location Current Location Shelving location Date acquired Source of acquisition Cost, normal purchase price Total Checkouts Full call number Date last seen Copy number Koha item type
  Dewey Decimal Classification   Not For Loan Rare Books Central Library, University of Rajshahi Central Library, University of Rajshahi Rare Book Section 18/07/1964 Euro-Pak 13.00   RA 025.3416 DUH 1951 25/07/2018 C-1 Rare Books